000 00831nam a2200229Ia 4500
005 20230516130848.0
008 140110s9999 xx 000 0 und d
020 _a9781405192453
_cRs.2468.00
040 _aLoreto College
041 _aEnglish
082 _a823.509
_bBAC
245 2 _aA companion to the eighteenth-century English novel and culture
_cEdited by Paula R. Backscheider and Catherine Ingrassia
260 _aChichester, West Sussex, UK
_bWiley-Blackwell
_c2009
300 _a556p.
440 _aBlackwell companions to literature and culture
504 _aIncludes bibliographical references and index
650 _aEnglish Novel-18th century-History and criticism
651 _aEnglish Fiction-18th century-History and criticism
700 _aBackscheider, Paula R., ed.
850 _aLCLIB
942 _cBK
999 _c37013
_d87492